| 000 | 00570nam a22001937a 4500 | ||
|---|---|---|---|
| 003 | OSt | ||
| 005 | 20220826094023.0 | ||
| 008 | 220826b |||||||| |||| 00| 0 eng d | ||
| 020 | _a04711618853 | ||
| 040 | _cIFM Library | ||
| 082 | _a005 . 2 | ||
| 100 |
_aMcComb, Gordon _92262 |
||
| 245 | _aJavascipt Sourcebook: Create Interactive Javascript Programs for the World Wide Web | ||
| 260 |
_aNew York _bJohn Wiley and Sons _c1996 |
||
| 300 |
_axxv, 726p.: ill.; 23cm _eIncludes CD |
||
| 500 | _aIncludes Index | ||
| 650 |
_ajava script _92263 |
||
| 942 |
_cBK _2ddc _n0 |
||
| 999 |
_c15294 _d15294 |
||